[Event "Oslo Chess Festival 2017 "]
[Site "Quality Hotel Expo, Fornebu"]
[Date "2017.09.29"]
[Round "5.4"]
[White "Chatalbashev, Boris"]
[Black "Ã~stenstad, Berge"]
[Result "1/2-1/2"]
[WhiteElo "2537"]
[BlackElo "2447"]
[PlyCount "88"]
[EventDate "2017.??.??"]

1. d4 Nf6 2. c4 g6 3. Nc3 d5 4. Bg5 Ne4 5. Bh4 c5 6. cxd5 Nxc3 7. bxc3 Qxd5 8.
e3 cxd4 9. Qxd4 Qxd4 10. cxd4 e6 11. Nf3 Be7 12. Bxe7 Kxe7 13. h4 h6 14. Bd3
Nc6 15. Ke2 b6 16. Rhc1 Bb7 17. Rc3 Rac8 18. Rac1 Na5 19. Rc7+ Kd6 20. Rxc8
Rxc8 21. Rxc8 Bxc8 22. Ne5 Ke7 23. f4 Bb7 24. g4 Nc6 25. g5 hxg5 26. hxg5 Nxe5
27. fxe5 Bd5 28. a3 Bc6 29. Kd2 a5 30. Kc3 Kd8 31. Kc4 Kc7 32. e4 Bd7 33. d5
Kb7 34. Kd4 Ka7 35. Bc2 Kb7 36. Bb3 Kc7 37. Bd1 Kb7 38. Be2 Ka7 39. Bd1 Kb7 40.
a4 Kc7 41. Bb3 Kb7 42. Kc3 Kc7 43. Kd3 Kb7 44. Kd4 Kc7 1/2-1/2

[Event "Oslo Chess Festival 2017 "]
[Site "Quality Hotel Expo, Fornebu"]
[Date "2017.09.29"]
[Round "5.8"]
[White "Ronneland, Daniel"]
[Black "Blomqvist, Erik"]
[Result "0-1"]
[WhiteElo "2218"]
[BlackElo "2521"]
[PlyCount "88"]
[EventDate "2017.??.??"]

1. e4 c5 2. Nf3 e6 3. d4 cxd4 4. Nxd4 Nc6 5. Nc3 Qc7 6. Be3 a6 7. Qd2 Nf6 8. f3
h5 9. O-O-O Be7 10. Kb1 b5 11. Nb3 Ne5 12. Qd4 Nc6 13. Qb6 Bd8 14. Qxc7 Bxc7
15. Bc5 Bb7 16. a4 b4 17. Na2 a5 18. Bb5 Na7 19. Bd6 Nxb5 20. axb5 Bxd6 21.
Rxd6 Ke7 22. e5 Rhb8 23. c4 bxc3 24. Nxc3 Nd5 25. Nc5 Nxc3+ 26. bxc3 Bc6 27. c4
Bxb5 28. cxb5 Rxb5+ 29. Nb3 Rxb3+ 30. Ka2 Re3 31. Rhd1 Ra7 32. f4 Re2+ 33. R1d2
Rxd2+ 34. Rxd2 Rc7 35. Kb3 f6 36. Re2 Rc5 37. h3 h4 38. Re4 Kf7 39. Rd4 Rd5 40.
Re4 f5 41. Re3 g5 42. fxg5 Kg6 43. g3 Kxg5 44. gxh4+ Kxh4 0-1

[Event "Oslo Chess Festival 2017 "]
[Site "Quality Hotel Expo, Fornebu"]
[Date "2017.09.29"]
[Round "5.5"]
[White "Chu, Wei Chao"]
[Black "Stany, G.A."]
[Result "1-0"]
[WhiteElo "2340"]
[BlackElo "2491"]
[PlyCount "57"]
[EventDate "2017.??.??"]

1. d4 Nf6 2. c4 g6 3. Nc3 d5 4. Nf3 Bg7 5. h4 c5 6. dxc5 Qa5 7. cxd5 Ne4 8. Bd2
Nxc3 9. bxc3 Nd7 10. Nd4 Nf6 11. Qb3 Qxc5 12. e3 Nxd5 13. Bc4 e6 14. Bb5+ Kf8
15. c4 Nf4 16. Rd1 a5 17. Bc1 Qe5 18. O-O Nh3+ 19. gxh3 Bf6 20. Bb2 Kg7 21. Qc3
Qe4 22. Qd3 Qxd3 23. Rxd3 e5 24. Ne2 Bxh3 25. Rfd1 h5 26. Bd7 Bxd7 27. Rxd7
Rac8 28. Rxb7 Rxc4 29. Rdd7 1-0

[Event "Oslo Chess Festival 2017 "]
[Site "Quality Hotel Expo, Fornebu"]
[Date "2017.09.29"]
[Round "5.14"]
[White "Vogt, Lothar"]
[Black "Zhao, Shengxin"]
[Result "1/2-1/2"]
[WhiteElo "2401"]
[BlackElo "2113"]
[PlyCount "103"]
[EventDate "2017.??.??"]

1. e4 c5 2. Nf3 d6 3. d4 cxd4 4. Nxd4 Nf6 5. Nc3 a6 6. Be2 e5 7. Nb3 Be7 8. O-O
O-O 9. Kh1 b6 10. Be3 Nbd7 11. a4 Bb7 12. f3 Rc8 13. Bd3 Nc5 14. Nxc5 bxc5 15.
Bc4 Nd7 16. Qd3 Nb8 17. Nd5 Bxd5 18. Qxd5 Qb6 19. Rfb1 Qc6 20. Qd3 a5 21. c3
Qc7 22. Ra3 Nc6 23. Rb3 Rb8 24. Rb5 Na7 25. Rxb8 Rxb8 26. Qd5 Bf6 27. h3 Nc8
28. Bb5 Na7 29. Bf1 Qc6 30. Qc4 Nc8 31. b3 Nb6 32. Qa6 Qa8 33. Qd3 Qc6 34. Qd1
d5 35. Bb5 Qd6 36. exd5 Qxd5 37. c4 Qxd1+ 38. Rxd1 Be7 39. f4 f6 40. g4 Kf7 41.
Kg2 g6 42. f5 Rb7 43. Kf3 Ra7 44. Ke4 Rc7 45. h4 Nc8 46. fxg6+ hxg6 47. Rd2 Ke6
48. h5 Nd6+ 49. Kf3 gxh5 50. gxh5 Nf5 51. h6 Bf8 52. Rh2 1/2-1/2

[Event "Oslo Chess Festival 2017 "]
[Site "Quality Hotel Expo, Fornebu"]
[Date "2017.09.29"]
[Round "5.15"]
[White "KyrkjebÃ¸, Erlend"]
[Black "Stark, Lars"]
[Result "1-0"]
[WhiteElo "2122"]
[BlackElo "2397"]
[PlyCount "113"]
[EventDate "2017.??.??"]

1. e4 e6 2. d4 d5 3. Nd2 Nc6 4. Ngf3 Nf6 5. e5 Nd7 6. c3 f6 7. exf6 Qxf6 8. Be2
e5 9. dxe5 Ncxe5 10. O-O c6 11. Nd4 Bc5 12. f4 Nf7 13. N2f3 O-O 14. Kh1 Re8 15.
Bd3 Nf8 16. Qc2 Nd6 17. Ne5 Bxd4 18. cxd4 Bf5 19. g4 Be4+ 20. Bxe4 Nxe4 21. f5
Rad8 22. g5 Nxg5 23. Bxg5 Qxg5 24. f6 Rxe5 25. dxe5 Qxe5 26. Rae1 Qd6 27. f7+
Kh8 28. Re8 d4 29. Qd3 c5 30. Qg3 Qc6+ 31. Qf3 Qd7 32. Rfe1 h6 33. R1e7 Qd6 34.
Re6 Qd7 35. Qf5 d3 36. Rxf8+ Rxf8 37. Rxh6+ gxh6 38. Qxd7 Kg7 39. Qxd3 Rxf7 40.
Qc3+ Rf6 41. Qxc5 a6 42. Qe5 b6 43. Kg2 b5 44. b3 Kf7 45. a4 bxa4 46. bxa4 Kg6
47. Qe8+ Kg7 48. h4 Rf7 49. h5 Rf6 50. a5 Rf7 51. Qe5+ Rf6 52. Qb2 Kf7 53. Qb7+
Kf8 54. Qd7 Kg8 55. Qe7 Rf7 56. Qe6 Kh8 57. Qxh6+ 1-0

[Event "Oslo Chess Festival 2017 "]
[Site "Quality Hotel Expo, Fornebu"]
[Date "2017.09.29"]
[Round "5.16"]
[White "Haug, Johannes"]
[Black "Ingebretsen, Jens E"]
[Result "1-0"]
[WhiteElo "2379"]
[BlackElo "2062"]
[PlyCount "83"]
[EventDate "2017.??.??"]

1. e4 c5 2. Nf3 e6 3. d4 cxd4 4. Nxd4 Nc6 5. Nc3 Qc7 6. Qd3 Nxd4 7. Qxd4 a6 8.
Be3 Ne7 9. Be2 Nc6 10. Qd2 b5 11. O-O Be7 12. Rfd1 O-O 13. a4 b4 14. Nd5 exd5
15. exd5 Qa5 16. dxc6 dxc6 17. Bf3 Bf5 18. Bd4 Rad8 19. Qe3 Rxd4 20. Rxd4 Bc5
21. Qe5 Bg6 22. Rad1 f6 23. Qe6+ Bf7 24. Qxc6 Bxd4 25. Rxd4 Qe5 26. Qe4 Qa5 27.
g3 b3 28. cxb3 Bxb3 29. Qe7 Bf7 30. Rd7 Qe5 31. Qxe5 fxe5 32. Be2 Be8 33. Bc4+
Kh8 34. Rd8 g6 35. Bxa6 Kg7 36. Bb5 Bxb5 37. Rxf8 Kxf8 38. axb5 Ke7 39. Kf1 Kd6
40. Ke2 Kd5 41. Ke3 g5 42. b6 1-0

[Event "Oslo Chess Festival 2017 "]
[Site "Quality Hotel Expo, Fornebu"]
[Date "2017.09.29"]
[Round "5.9"]
[White "Louis, Thibault"]
[Black "Ernst, Thomas"]
[Result "1/2-1/2"]
[WhiteElo "2207"]
[BlackElo "2371"]
[PlyCount "104"]
[EventDate "2017.??.??"]

1. e4 c5 2. Nf3 e6 3. g3 Nf6 4. Qe2 Be7 5. Bg2 Nc6 6. O-O d5 7. exd5 exd5 8. d4
cxd4 9. Rd1 O-O 10. Nbd2 Re8 11. Nb3 Bg4 12. h3 Bh5 13. g4 Bg6 14. Nbxd4 h5 15.
Nxc6 bxc6 16. Be3 Bc5 17. Nd4 hxg4 18. hxg4 Qd7 19. Bf3 Be4 20. g5 Bxf3 21.
Qxf3 Qg4+ 22. Kf1 Qxf3 23. Nxf3 Bxe3 24. gxf6 Bb6 25. fxg7 Re4 26. Rd3 Kxg7 27.
c3 Rh8 28. Rad1 Rg4 29. Nd4 Rh1+ 30. Ke2 Re4+ 31. Kf3 Rh2 32. R1d2 Rh3+ 33. Kg2
Rxd3 34. Rxd3 Bxd4 35. cxd4 Re2 36. Rb3 Rd2 37. Rb4 Kf6 38. Kf3 a5 39. Ra4 Rxb2
40. Rxa5 Rc2 41. Ra7 Ke6 42. Ke3 f6 43. a4 Kf5 44. Rc7 Rc3+ 45. Kd2 Ra3 46.
Rxc6 Rxa4 47. Ke3 Ra3+ 48. Ke2 Ra2+ 49. Ke3 Ra3+ 50. Ke2 Ke4 51. Re6+ Kxd4 52.
Rxf6 Ke5 1/2-1/2

[Event "Oslo Chess Festival 2017 "]
[Site "Quality Hotel Expo, Fornebu"]
[Date "2017.09.29"]
[Round "5.28"]
[White "Dolzhykova, Kateryna"]
[Black "Holand, Per Fredrik"]
[Result "1-0"]
[WhiteElo "2270"]
[BlackElo "1866"]
[PlyCount "41"]
[EventDate "2017.??.??"]

1. e4 e6 2. d4 d5 3. exd5 exd5 4. Nf3 Bd6 5. c4 dxc4 6. Bxc4 Nf6 7. O-O O-O 8.
Nc3 c6 9. Bg5 Nbd7 10. Re1 Nb6 11. Bb3 Bf5 12. Ne5 h6 13. Qf3 hxg5 14. Qxf5
Nfd5 15. Ne4 Be7 16. Bc2 g6 17. Nxg6 fxg6 18. Qxg6+ Kh8 19. Nxg5 Nf6 20. Qh6+
Kg8 21. Bh7+ 1-0

[Event "Oslo Chess Festival 2017 "]
[Site "Quality Hotel Expo, Fornebu"]
[Date "2017.09.29"]
[Round "5.21"]
[White "Enersen, Eirik S"]
[Black "Myhrvold, Rune"]
[Result "0-1"]
[WhiteElo "1911"]
[BlackElo "2243"]
[PlyCount "60"]
[EventDate "2017.??.??"]

1. c4 e5 2. g3 c6 3. Bg2 d5 4. d3 dxc4 5. dxc4 Qxd1+ 6. Kxd1 Nf6 7. Nf3 Ng4 8.
Ke1 Bc5 9. e3 e4 10. Nd4 f5 11. Bh3 Ne5 12. Bxf5 Bxf5 13. Nxf5 O-O 14. Nd4 Nd3+
15. Ke2 Rxf2+ 16. Kd1 Nd7 17. Nc3 Re8 18. b3 Nf6 19. Bd2 Bxd4 20. exd4 Rg2 21.
Re1 Nxe1 22. Bxe1 Ng4 23. Ne2 Rxh2 24. Rc1 Rf8 25. Kd2 Rf3 26. Kd1 Rd3+ 27. Bd2
e3 28. Rc2 Rh1+ 29. Ng1 Rxg1+ 30. Ke2 exd2 0-1

[Event "Oslo Chess Festival 2017 "]
[Site "Quality Hotel Expo, Fornebu"]
[Date "2017.09.29"]
[Round "5.23"]
[White "Sousa, Ludy Helsio P"]
[Black "Ski, Jonathan K"]
[Result "1-0"]
[WhiteElo "2171"]
[BlackElo "1848"]
[PlyCount "75"]
[EventDate "2017.??.??"]

1. e4 e5 2. Nf3 Nc6 3. Bb5 a6 4. Ba4 Nf6 5. O-O Be7 6. Re1 b5 7. Bb3 O-O 8. h3
d6 9. c3 Nb8 10. d4 Nbd7 11. Nbd2 Bb7 12. Bc2 c5 13. dxe5 dxe5 14. Nh2 Qc7 15.
Ng4 Nxg4 16. hxg4 c4 17. Qf3 Nc5 18. b3 cxb3 19. axb3 Ne6 20. Bb2 Rfd8 21. Nf1
Ng5 22. Qe2 Rd7 23. Red1 Rad8 24. Ng3 g6 25. Rxd7 Rxd7 26. Nf1 Bc5 27. Bc1 Ne6
28. b4 Bb6 29. Qf3 Nf4 30. Kh2 Qd8 31. g3 Nd3 32. Be3 Bxe3 33. Nxe3 Nb2 34. Bb3
Qc7 35. Nd5 Bxd5 36. Bxd5 Qb6 37. Kg2 Nc4 38. g5 1-0

[Event "Oslo Chess Festival 2017 "]
[Site "Quality Hotel Expo, Fornebu"]
[Date "2017.09.29"]
[Round "5.24"]
[White "Nygaard, Karl Magnus"]
[Black "Nielsen, Andre"]
[Result "1/2-1/2"]
[WhiteElo "1661"]
[BlackElo "2162"]
[PlyCount "143"]
[EventDate "2017.??.??"]

1. d4 Nf6 2. c4 e6 3. Nc3 Bb4 4. Qc2 O-O 5. Nf3 b6 6. Bg5 Bb7 7. a3 Bxc3+ 8.
Qxc3 h6 9. Bh4 c5 10. dxc5 bxc5 11. e3 g5 12. Bg3 Ne4 13. Qc2 Qa5+ 14. Nd2 Nxd2
15. Qxd2 Qxd2+ 16. Kxd2 d5 17. h4 Nc6 18. hxg5 hxg5 19. cxd5 Rad8 20. d6 e5 21.
Kc3 Rxd6 22. Bb5 f6 23. Rh2 Ne7 24. Rah1 Kf7 25. Rh7+ Ke6 26. Bc4+ Bd5 27.
Bxd5+ Rxd5 28. Rh8 Rfd8 29. Rxd8 Rxd8 30. Kc4 Rb8 31. Rb1 Nd5 32. b3 f5 33. Rh1
f4 34. Rh6+ Nf6 35. exf4 exf4 36. Bh2 Kf5 37. f3 Re8 38. Bg1 Re2 39. Bxc5 Rc2+
40. Kb5 a6+ 41. Kc6 Rxg2 42. Rh3 Rg3 43. Rxg3 fxg3 44. b4 Kf4 45. a4 Kxf3 46.
b5 axb5 47. axb5 Ne4 48. Bg1 Nf2 49. b6 Kg2 50. b7 Kxg1 51. b8=Q g2 52. Qb1+
Kh2 53. Qh7+ Nh3 54. Qc7+ Nf4 55. Qh7+ Kg3 56. Qg7 g4 57. Qd4 Nh3 58. Qe3+ Kh2
59. Qe5+ g3 60. Qe2 Kh1 61. Qh5 Kh2 62. Qe2 Nf4 63. Qc2 Kh1 64. Qh7+ Kg1 65.
Qf5 Ne2 66. Qb1+ Kf2 67. Qf5+ Ke3 68. Qe5+ Kf3 69. Qd5+ Kf2 70. Qf5+ Ke1 71.
Qa5+ Kf2 72. Qf5+ 1/2-1/2

[Event "Oslo Chess Festival 2017 "]
[Site "Quality Hotel Expo, Fornebu"]
[Date "2017.09.29"]
[Round "5.25"]
[White "Li, Xueyi"]
[Black "Ali, Karim"]
[Result "1-0"]
[WhiteElo "2157"]
[BlackElo "1755"]
[PlyCount "83"]
[EventDate "2017.??.??"]

1. d4 e6 2. c4 Nf6 3. g3 Bb4+ 4. Bd2 c5 5. Bxb4 cxb4 6. Bg2 O-O 7. e3 d5 8. Nd2
Nc6 9. Ne2 b6 10. O-O a5 11. Rc1 Bb7 12. cxd5 exd5 13. Nf4 Rc8 14. Nh5 Na7 15.
Rxc8 Nxc8 16. Nxf6+ Qxf6 17. Qh5 Ne7 18. Rc1 g6 19. Qe2 Rc8 20. Rxc8+ Nxc8 21.
Qb5 Qe6 22. Nf3 Na7 23. Qd3 Qc8 24. Qd1 Qc4 25. Ne5 Qc7 26. h4 f6 27. Nd3 Nb5
28. Nf4 Qd6 29. Qb3 Nc7 30. e4 a4 31. Qxa4 dxe4 32. Qa7 Qc6 33. Qb8+ Kf7 34.
Qh8 g5 35. Qxh7+ Ke8 36. Qg8+ Ke7 37. Ng6+ Kd7 38. Bh3+ Ne6 39. Qf7+ Kd8 40.
Qe7+ Kc8 41. Qxe6+ Qxe6 42. Bxe6+ 1-0

[Event "Oslo Chess Festival 2017 "]
[Site "Quality Hotel Expo, Fornebu"]
[Date "2017.09.29"]
[Round "5.35"]
[White "Mikelsen, Mattis"]
[Black "Ilyes, Peter"]
[Result "1-0"]
[WhiteElo "1754"]
[BlackElo "1996"]
[PlyCount "29"]
[EventDate "2017.??.??"]

1. e4 e6 2. d4 d5 3. Nc3 dxe4 4. Nxe4 Nd7 5. Nf3 Ngf6 6. Nxf6+ Nxf6 7. Bd3 c5
8. dxc5 Bxc5 9. O-O O-O 10. Bg5 h6 11. Bh4 b6 12. Ne5 Bb7 13. Ng4 Qd5 14. Nxf6+
gxf6 15. Qg4+ 1-0

[Event "Oslo Chess Festival 2017 "]
[Site "Quality Hotel Expo, Fornebu"]
[Date "2017.09.29"]
[Round "5.32"]
[White "Smeby, Ole"]
[Black "Khoo-Thwe, Louis"]
[Result "0-1"]
[WhiteElo "1985"]
[BlackElo "1653"]
[PlyCount "46"]
[EventDate "2017.??.??"]

1. d4 d5 2. c4 c6 3. e3 Nf6 4. Nf3 Bf5 5. Bd3 Bg6 6. O-O e6 7. Nc3 Nbd7 8. Re1
Bd6 9. e4 dxe4 10. Nxe4 Nxe4 11. Bxe4 Nf6 12. Bg5 Qc7 13. Bxf6 gxf6 14. Rc1 Bh5
15. h3 Bb4 16. Re3 f5 17. Bxf5 Bxf3 18. gxf3 O-O-O 19. Bb1 Rhg8+ 20. Kf1 Qh2
21. Ke2 Rg2 22. Kd3 Rxd4+ 23. Kxd4 Qd6+ 0-1

[Event "Oslo Chess Festival 2017 "]
[Site "Quality Hotel Expo, Fornebu"]
[Date "2017.09.29"]
[Round "5.39"]
[White "Larsen, Ulrik"]
[Black "WÃ¦rstad, Leif E"]
[Result "1-0"]
[WhiteElo "1975"]
[BlackElo "1614"]
[PlyCount "37"]
[EventDate "2017.??.??"]

1. e4 c5 2. Nf3 Nc6 3. d4 cxd4 4. Nxd4 d6 5. Nc3 g6 6. Be3 Nf6 7. f3 Bg7 8. Qd2
O-O 9. Bc4 Bd7 10. O-O-O a6 11. h4 b5 12. Bb3 Rc8 13. h5 Ne5 14. hxg6 Nxg6 15.
Bh6 e6 16. Bxg7 Kxg7 17. Qh6+ Kg8 18. e5 dxe5 19. Ne4 1-0

[Event "Oslo Chess Festival 2017 "]
[Site "Quality Hotel Expo, Fornebu"]
[Date "2017.09.29"]
[Round "5.33"]
[White "Johansen, Kai-Roger"]
[Black "Nordquelle, Amelia"]
[Result "1-0"]
[WhiteElo "1950"]
[BlackElo "1546"]
[PlyCount "89"]
[EventDate "2017.??.??"]

1. d4 Nf6 2. Bf4 d6 3. e3 g6 4. Be2 Bg7 5. Nd2 Nbd7 6. c3 e5 7. Bg3 O-O 8. Ngf3
Re8 9. Qb3 b6 10. Ng5 Qe7 11. O-O Bb7 12. Bc4 d5 13. Bb5 c6 14. Be2 Rec8 15.
Rae1 c5 16. f4 e4 17. h4 Ne8 18. f5 Bf6 19. fxg6 hxg6 20. Bg4 Bc6 21. Bf4 c4
22. Qd1 Ng7 23. Rf2 Rf8 24. Ref1 a5 25. g3 b5 26. a3 b4 27. axb4 axb4 28. Nh3
Ra7 29. Bg5 Bxg5 30. Nxg5 f6 31. Nh3 bxc3 32. bxc3 Kf7 33. Nf4 f5 34. Be2 g5
35. Bh5+ Kg8 36. Ng6 Qf6 37. Nxf8 Nxf8 38. g4 gxh4 39. gxf5 Qg5+ 40. Rg2 Qxe3+
41. Kh2 h3 42. Rg3 Qh6 43. f6 Ra2 44. fxg7 Nh7 45. Bf7# 1-0

[Event "Oslo Chess Festival 2017 "]
[Site "Quality Hotel Expo, Fornebu"]
[Date "2017.09.29"]
[Round "5.34"]
[White "Grindbakken, Erik"]
[Black "Lindblom, Roar"]
[Result "1-0"]
[WhiteElo "1675"]
[BlackElo "1940"]
[PlyCount "69"]
[EventDate "2017.??.??"]

1. Nf3 d5 2. d4 Nf6 3. c4 c6 4. e3 a6 5. Nc3 e6 6. Bd3 dxc4 7. Bxc4 b5 8. Bd3
c5 9. dxc5 Bxc5 10. O-O Bb7 11. Ng5 Be7 12. a4 b4 13. Nce4 Nbd7 14. b3 h6 15.
Nxf6+ Bxf6 16. Nxf7 Kxf7 17. Qh5+ Ke7 18. Ra2 Ne5 19. Bb1 Qa5 20. Kh1 g6 21.
Qe2 Rhd8 22. e4 Rac8 23. f4 Nc6 24. e5 Bh8 25. Bxg6 Nd4 26. Qh5 Qd5 27. Rd2 Rc2
28. Qh4+ Kd7 29. Bxc2 Kc7 30. Qe7+ Rd7 31. Qxb4 Nxc2 32. Rxc2+ Kb8 33. Qd2 Qe4
34. Qxd7 Qxc2 35. Qd2 1-0

[Event "Oslo Chess Festival 2017 "]
[Site "Quality Hotel Expo, Fornebu"]
[Date "2017.09.29"]
[Round "5.49"]
[White "Vangen, David Luangtep"]
[Black "Melaa, Sondre LillestÃ¸l"]
[Result "0-1"]
[WhiteElo "1499"]
[BlackElo "1883"]
[PlyCount "68"]
[EventDate "2017.??.??"]

1. e4 c6 2. d4 d5 3. e5 Bf5 4. c4 e6 5. g4 Be4 6. f3 Qh4+ 7. Ke2 Bxb1 8. Rxb1
dxc4 9. Nh3 Qd8 10. Be3 Ne7 11. Kf2 b5 12. a4 Nd5 13. Bg2 Nd7 14. Nf4 N7b6 15.
axb5 cxb5 16. Nxd5 Nxd5 17. b3 Nc3 18. Qc2 Nxb1 19. Rxb1 Rc8 20. bxc4 Rxc4 21.
Qd1 a6 22. Ra1 Qc8 23. f4 Rc2+ 24. Kg1 Be7 25. Be4 Rc3 26. Bd2 Rc4 27. Be3 Bb4
28. f5 Bc3 29. Ra2 Bxd4 30. Kf2 Bxe3+ 31. Kxe3 Rxe4+ 32. Kxe4 Qc4+ 33. Qd4 Qxa2
34. Qd6 Qd5+ 0-1

[Event "Oslo Chess Festival 2017 "]
[Site "Quality Hotel Expo, Fornebu"]
[Date "2017.09.29"]
[Round "5.47"]
[White "Omtvedt, Per"]
[Black "Beitnes, Andreas RÃ¸berg"]
[Result "1-0"]
[WhiteElo "1880"]
[BlackElo "1430"]
[PlyCount "91"]
[EventDate "2017.??.??"]

1. e4 e5 2. Nf3 Nc6 3. Bb5 a6 4. Ba4 Nf6 5. d3 Be7 6. Bxc6 dxc6 7. Nxe5 O-O 8.
O-O Re8 9. Nf3 Bg4 10. Be3 Qd7 11. Nbd2 Rad8 12. Qe2 Bf8 13. Rfe1 h6 14. Nf1
Bd6 15. Ng3 Nh5 16. Nxh5 Bxh5 17. Qf1 Bxf3 18. gxf3 Re6 19. f4 Rg6+ 20. Kh1 Qg4
21. f3 Qh5 22. Re2 Re8 23. Rg2 c5 24. Rxg6 fxg6 25. Qg2 Rf8 26. e5 Be7 27. Qg4
Qxg4 28. fxg4 b6 29. Kg2 Kh7 30. Kf3 c6 31. Ke4 Re8 32. c3 b5 33. d4 cxd4 34.
cxd4 Rd8 35. Rc1 Rc8 36. Kd3 c5 37. dxc5 Rd8+ 38. Ke4 Rc8 39. b4 Rc6 40. Kd5
Rc8 41. Ke6 Bf8 42. Kd7 Ra8 43. c6 Bxb4 44. c7 Bf8 45. c8=Q Rxc8 46. Rxc8 1-0

[Event "Oslo Chess Festival 2017 "]
[Site "Quality Hotel Expo, Fornebu"]
[Date "2017.09.29"]
[Round "5.41"]
[White "Tostrup, Trond"]
[Black "Greibrokk, Ingrid"]
[Result "1-0"]
[WhiteElo "1717"]
[BlackElo "1820"]
[PlyCount "67"]
[EventDate "2017.??.??"]

1. d4 d5 2. g3 g6 3. Bg2 Bg7 4. b3 e5 5. Bb2 e4 6. e3 Be6 7. Ne2 Qd7 8. Nf4 Bg4
9. f3 exf3 10. Bxf3 Bxf3 11. Qxf3 Ne7 12. Nd2 O-O 13. O-O c5 14. c3 cxd4 15.
exd4 Nbc6 16. Rfe1 b5 17. Qd3 b4 18. c4 dxc4 19. bxc4 Nf5 20. Rad1 Ncxd4 21.
Nb3 Rfd8 22. Qe4 Re8 23. Qg2 Rxe1+ 24. Rxe1 Re8 25. Rxe8+ Qxe8 26. h3 Nf3+ 27.
Qxf3 Bxb2 28. Nd3 Bc3 29. c5 Qe3+ 30. Qxe3 Nxe3 31. Kf2 Nd5 32. Kf3 f5 33. Nf4
Be5 34. Nxd5 1-0

[Event "Oslo Chess Festival 2017 "]
[Site "Quality Hotel Expo, Fornebu"]
[Date "2017.09.29"]
[Round "5.42"]
[White "GrÃ¸ver, Sigurd Loe"]
[Black "Kalkman De Koster, Franzke"]
[Result "1-0"]
[WhiteElo "1816"]
[BlackElo "1538"]
[PlyCount "63"]
[EventDate "2017.??.??"]

1. e4 e5 2. Nf3 Nc6 3. Bc4 Be7 4. d4 exd4 5. c3 d6 6. Qb3 dxc3 7. Nxc3 h6 8.
Bxf7+ Kf8 9. Bg6 d5 10. exd5 Qd6 11. dxc6 Qxg6 12. cxb7 Rb8 13. bxc8=Q+ Rxc8
14. O-O Bc5 15. Ne5 Qf5 16. Qd5 Bd6 17. Re1 Re8 18. f4 g5 19. g4 Qe6 20. Qf3
Kg7 21. Nd3 Qc8 22. Be3 Nf6 23. Bd4 c5 24. Bxf6+ Kxf6 25. Ne4+ Kg6 26. Nxd6
Rxe1+ 27. Rxe1 Qa8 28. Ne5+ Kg7 29. Nf5+ Kh7 30. Nd7 Qxf3 31. Re7+ Kg6 32. Rg7#
1-0

[Event "Oslo Chess Festival 2017 "]
[Site "Quality Hotel Expo, Fornebu"]
[Date "2017.09.29"]
[Round "5.43"]
[White "TunsjÃ¸, Axel"]
[Black "Kvendseth, Thyra"]
[Result "0-1"]
[WhiteElo "1519"]
[BlackElo "1810"]
[PlyCount "66"]
[EventDate "2017.??.??"]

1. e4 e5 2. Nf3 Nc6 3. Bc4 Bc5 4. O-O Nf6 5. d3 O-O 6. Re1 a6 7. a4 d6 8. c3
Ba7 9. Nbd2 Ne7 10. Nf1 Ng6 11. Ng3 b5 12. axb5 axb5 13. Ba2 Kh8 14. Bg5 h6 15.
Bxf6 gxf6 16. Qd2 Kh7 17. Bd5 Bg4 18. Bxa8 Qxa8 19. Nf5 Nf4 20. N3h4 Rg8 21. g3
Nh3+ 22. Kg2 Ng5 23. Ra3 Qb7 24. Ra2 Bh3+ 25. Kg1 Bxf5 26. exf5 Nh3+ 27. Kf1
Qh1+ 28. Ke2 Qxh2 29. Kd1 Bxf2 30. Re4 Qxg3 31. c4 Nf4 32. b3 Qg1+ 33. Kc2 Bxh4
0-1

[Event "Oslo Chess Festival 2017 "]
[Site "Quality Hotel Expo, Fornebu"]
[Date "2017.09.29"]
[Round "5.44"]
[White "Aarnes, Carl Christian"]
[Black "Kreken, Eivind Grunt"]
[Result "1-0"]
[WhiteElo "1809"]
[BlackElo "1486"]
[PlyCount "83"]
[EventDate "2017.??.??"]

1. e4 c6 2. d4 d5 3. Nc3 dxe4 4. Nxe4 Nf6 5. Ng3 e6 6. Nf3 Nbd7 7. Be2 Be7 8.
O-O O-O 9. Qd3 c5 10. Rd1 cxd4 11. Nxd4 Nc5 12. Qf3 Qc7 13. Nb5 Qb6 14. b4 Ncd7
15. Be3 Qc6 16. c3 Qxf3 17. Bxf3 a6 18. Nc7 Rb8 19. b5 axb5 20. Nxb5 b6 21. Nd6
Ne5 22. Be2 Rd8 23. Nc4 Nxc4 24. Bxc4 Bd7 25. Rab1 b5 26. Bb3 Bc6 27. Bd4 Ne4
28. Be5 Bd6 29. Bxd6 Nxd6 30. f3 Kf8 31. Kf2 Ke7 32. Ne2 e5 33. Re1 f6 34. Nd4
Bd7 35. Rbd1 Rbc8 36. Rd3 Nf5 37. f4 Rc5 38. Nf3 Rdc8 39. fxe5 Rxc3 40. exf6+
Kf8 41. fxg7+ Nxg7 42. Rxd7 1-0

[Event "Oslo Chess Festival 2017 "]
[Site "Quality Hotel Expo, Fornebu"]
[Date "2017.09.29"]
[Round "5.53"]
[White "Garcia, Megan Alyssa"]
[Black "Naudeer, Terje Skonseng"]
[Result "1-0"]
[WhiteElo "1646"]
[BlackElo "1207"]
[PlyCount "41"]
[EventDate "2017.??.??"]

1. e4 c5 2. Nf3 d6 3. d4 cxd4 4. Nxd4 Nf6 5. Nc3 g6 6. Be3 Bg7 7. f3 O-O 8. Qd2
Nc6 9. O-O-O Bd7 10. g4 Rc8 11. h4 h5 12. Nxc6 bxc6 13. Bh6 Qa5 14. Bxg7 Kxg7
15. Bc4 c5 16. e5 Ne8 17. gxh5 Bf5 18. hxg6 fxg6 19. h5 dxe5 20. hxg6 Kf6 21.
Nd5+ 1-0

[Event "Oslo Chess Festival 2017 "]
[Site "Quality Hotel Expo, Fornebu"]
[Date "2017.09.29"]
[Round "5.55"]
[White "Engevik, Sissel Merete"]
[Black "Larre, Linnea"]
[Result "0-1"]
[WhiteElo "1092"]
[BlackElo "1426"]
[PlyCount "62"]
[EventDate "2017.??.??"]

1. e4 c5 2. Nf3 g6 3. Bc4 Bg7 4. O-O d6 5. Re1 Nf6 6. Bb5+ Bd7 7. Bxd7+ Qxd7 8.
d4 cxd4 9. Qxd4 Nc6 10. Qd1 O-O 11. Bg5 Rad8 12. Bxf6 Bxf6 13. Nc3 e6 14. Qd2
Bg7 15. Nb5 Bxb2 16. Rad1 Ne5 17. Qe2 Nxf3+ 18. gxf3 Be5 19. Nxa7 Ra8 20. Nb5
Rxa2 21. h3 Rc8 22. Rc1 Rc5 23. Nxd6 Qxd6 24. Red1 Qc7 25. Rd3 Rcxc2 26. Rd2
Rxc1+ 27. Kg2 Rxd2 28. Qxd2 Bf4 29. Qe2 Qe7 30. h4 Qxh4 31. Qf1 Qh2# 0-1

[Event "Oslo Chess Festival 2017 "]
[Site "Quality Hotel Expo, Fornebu"]
[Date "2017.09.29"]
[Round "7.2"]
[White "Li, Di"]
[Black "Gajewski, Grzegorz"]
[Result "1-0"]
[WhiteElo "2459"]
[BlackElo "2630"]
[PlyCount "121"]
[EventDate "2017.??.??"]

1. d4 Nf6 2. Nf3 d5 3. c4 e6 4. g3 Bb4+ 5. Bd2 Be7 6. Bg2 O-O 7. O-O Nbd7 8.
Qc2 c6 9. Rd1 Ne4 10. Bf4 f5 11. b3 g5 12. Bc1 b5 13. cxb5 cxb5 14. Qc6 Qb6 15.
Qxb6 axb6 16. Ne1 b4 17. f3 Nc3 18. Nxc3 bxc3 19. Nc2 f4 20. Bh3 e5 21. dxe5
Nxe5 22. Bxc8 Raxc8 23. Rxd5 Bc5+ 24. Kf1 Rce8 25. gxf4 gxf4 26. Ba3 Bxa3 27.
Nxa3 Rf5 28. Nb5 Rh5 29. Nxc3 Rxh2 30. Rad1 Kf7 31. R1d4 Rh1+ 32. Kg2 Rh4 33.
Rd8 Re6 34. R4d6 Rhh6 35. Rxe6 Rxe6 36. Rd4 Ng6 37. Rd7+ Re7 38. Rd2 Re5 39.
Ne4 Ke7 40. a4 Nf8 41. b4 Ne6 42. Nc3 Nc7 43. Rd3 Ke6 44. Kf2 Ke7 45. Rd1 h5
46. Rg1 Ne6 47. Ra1 Kd6 48. Ne4+ Kc7 49. Rc1+ Kd7 50. Rd1+ Ke7 51. Nd6 Kf6 52.
Nc4 Rg5 53. Nxb6 h4 54. Rh1 Rh5 55. Nc4 Nd4 56. a5 h3 57. a6 Nb5 58. Nb2 Kf5
59. Nd3 Rh7 60. Ra1 Rh6 61. a7 1-0